Vyhláška Ministerstva hospodárstva Slovenskej republiky č.224/1997 Z.z. zo 7. augusta 1997, ktorou sa ustanovujú podrobnosti o obsahu revitalizačného projektu
Vykonávajúca vyhláška k revitalizačnému zákonu č.224/1997 Z.z. Obsah charakteristiky podniku, ktorý podáva žiadosť o revitalizáciu. Ekonomické a výrobno-technické informácie. Údaje o zamestnanosti. Navrhované formy revitalizácie. Formulácia výrobného a ekonomického zámeru, finančnej a odbytovej stra...
Enregistré dans:
| Format: | Chapitre de livre |
|---|---|
| Langue: | slovaque |
| Sujets: | |
| Tags: |
Pas de tags, Soyez le premier à ajouter un tag!
|
MARC
| LEADER | 00000naa a2200000 4500 | ||
|---|---|---|---|
| 001 | r027758 | ||
| 005 | 20230912110659.1 | ||
| 041 | 0 | |a slo | |
| 044 | |a SK | ||
| 245 | 1 | 0 | |a Vyhláška Ministerstva hospodárstva Slovenskej republiky č.224/1997 Z.z. zo 7. augusta 1997, ktorou sa ustanovujú podrobnosti o obsahu revitalizačného projektu |
| 520 | |a Vykonávajúca vyhláška k revitalizačnému zákonu č.224/1997 Z.z. Obsah charakteristiky podniku, ktorý podáva žiadosť o revitalizáciu. Ekonomické a výrobno-technické informácie. Údaje o zamestnanosti. Navrhované formy revitalizácie. Formulácia výrobného a ekonomického zámeru, finančnej a odbytovej stratégie. | ||
| 610 | 2 | 0 | |a vyhlášky |
| 610 | 2 | 0 | |a Slovensko |
| 610 | 2 | 0 | |a 1997 |
| 610 | 2 | 0 | |a oživenie |
| 610 | 2 | 0 | |a podnik |
| 610 | 2 | 0 | |a pohyb cyklický hospodárstva |